| 000 | 00923 a2200217 4500 | ||
|---|---|---|---|
| 001 | 67551 | ||
| 010 | _a9782200602932 | ||
| 073 | 1 | _a9782200602932 | |
| 090 |
_967748 _a67551 |
||
| 100 | _a20150929h20152015k y0frey50 ba | ||
| 101 | 0 | _afre | |
| 200 |
_aLes collectivités territoriales _eune approche juridique et pratique de la décentralisation _fDelphine, Cervelle _fEmmanuel, Auber _bLIVR |
||
| 205 | _a3e édition refondue et actualisée, à jour de l'acte III de la décentralisation | ||
| 210 |
_aParis _cArmand Colin _cDunod _dDL 2015 |
||
| 215 |
_a1 vol. (239 p.) _ccouv. ill. en coul. _d24 cm |
||
| 225 | 0 | _aHorizon | |
| 410 |
_0189053356 _tHorizon (Paris) _x2430-2945 |
||
| 610 |
_adécentralisation _aadministration locale _acollectivités territoriales _aautonomie _adémocratie participative _aFrance |
||
| 700 | 1 |
_3116548045 _aAuber _bEmmanuel _f1974-.... _4070 _91225 |
|
| 701 | 1 |
_3080687342 _aCervelle _bDelphine _4070 _91226 |
|
| 099 | _tLIVR | ||